all mega evolution pokemon - Statistics

General Stats
  • This quiz has been taken 265 times
  • The average score is 35 of 50
Answer Stats
Answer % Correct
Mega Charizard X
96%
Mega Charizard Y
96%
Mega Blastoise
95%
Mega Venusaur
95%
Mega Blaziken
87%
Mega Lucario
87%
Mega Sceptile
85%
Mega Swampert
85%
Mega Mewtwo X
84%
Mega Mewtwo Y
84%
Mega Gengar
82%
Mega Alakazam
78%
Mega Gardevoir
78%
Mega Rayquaza
78%
Mega Pidgeot
77%
Mega Beedrill
76%
Mega Garchomp
76%
Mega Metagross
75%
Mega Gyarados
74%
Mega Salamence
74%
Mega Audino
73%
Mega Absol
72%
Mega Latias
72%
Mega Latios
72%
Mega Pinsir
72%
Mega Ampharos
71%
Mega Aggron
70%
Mega Steelix
70%
Mega Heracross
67%
Mega Sableye
67%
Mega Scizor
67%
Mega Tyranitar
67%
Mega Manectric
66%
Mega Abomasnow
65%
Mega Aerodactyl
65%
Mega Glalie
65%
Mega Mawile
65%
Mega Houndoom
62%
Mega Kangaskhan
62%
Mega Sharpedo
62%
Mega Camerupt
61%
Mega Lopunny
60%
Mega Diancie
59%
Mega Banette
58%
Primal Groudon
57%
Primal Kyogre
57%
Mega Slowbro
56%
Mega Medicham
55%
Mega Gallade
32%
Mega Altaria
27%
No matching quizzes found
Score Distribution
Percent of People with Each Score
Percentile by Number Answered
Your Score History
You have not taken this quiz